Văn học và miền núi : Phê bình - tiểu luận

সংরক্ষণ করুন:
গ্রন্থ-পঞ্জীর বিবরন
প্রধান লেখক: Lâm, Tiến
বিন্যাস: গ্রন্থ
ভাষা:Undetermined
প্রকাশিত: Hà Nội Hội Nhà văn 2019
বিষয়গুলি:
ট্যাগগুলো: ট্যাগ যুক্ত করুন
কোনো ট্যাগ নেই, প্রথমজন হিসাবে ট্যাগ করুন!
Thư viện lưu trữ: Trung tâm Học liệu Trường Đại học Cần Thơ
LEADER 00682nam a2200217Ia 4500
001 CTU_236093
008 210402s9999 xx 000 0 und d
082 |a 895.922434 
082 |b T305 
100 |a Lâm, Tiến 
245 0 |a Văn học và miền núi : 
245 0 |b Phê bình - tiểu luận 
245 0 |c Lâm Tiến 
260 |a Hà Nội 
260 |b Hội Nhà văn 
260 |c 2019 
650 |a Vietnamese literature,Văn học Việt Nam 
650 |x History and criticism,Lịch sử và phê bình 
650 |y 20th century,Thế kỷ 20 
910 |b dqhieu 
980 |a Trung tâm Học liệu Trường Đại học Cần Thơ